[Event "IECG CD.2005.0.00096 email"]
[Site "IECG email"]
[Date "2005.06.04"]
[Round "?"]
[White "Buscher, Karl"]
[Black "Papandreou, Leo"]
[Result "0-1"]
[WhiteElo "1579"]
[BlackElo "1500"]
[PlyCount "126"]
[EventDate "2005.06.04"]
[EventType "tourn (corr)"]
[EventRounds "6"]
[SourceTitle "Corr 2008"]
[Source "ChessBase"]
[SourceDate "2008.06.24"]
[SourceVersion "1"]
[SourceVersionDate "2008.06.24"]
[SourceQuality "1"]

1. e4 c5 2. Nf3 Nc6 3. d4 cxd4 4. Nxd4 Nf6 5. Nc3 e5 6. Ndb5 d6 7. Bg5 a6 8. Na3 b5 9. Nd5 Be7 10. Nxe7 Nxe7 11. f3 Be6 12. c4 0-0 13. cxb5 axb5 14. Nxb5 d5 15. a4 Qb6 16. b4 dxe4 17. Qd6 Nc6 18. a5 exf3 19. gxf3 Ne8 20. Qd2 Qb7 21. Be2 h6 22. Bxh6 gxh6 23. Qxh6 Ne7 24. Kf2 Ng7 25. Rag1 Nef5 26. Rxg7+ Nxg7 27. Rg1 f6 28. Bd3 Rf7 29. Bg6 Ra6 30. Qh7+ Kf8 31. Bxf7 Qxf7 32. Qh8+ Qg8 33. Qxg8+ Bxg8 34. Rd1 Bb3 35. Rd7 Ba4 36. Nc7 Bxd7 37. Nxa6 Ke7 38. Nb8 Bb5 39. a6 Ne6 40. a7 Nc7 41. f4 e4 42. f5 Kd6 43. h4 Ke5 44. h5 Kxf5 45. Ke3 Kg5 46. Kxe4 Be8 47. h6 Kxh6 48. Kf5 Kg7 49. Na6 Bd7+ 50. Kf4 Nd5+ 51. Ke4 Bc6 52. Kd4 Ba8 53. b5 f5 54. Nc5 Kf6 55. Nd3 f4 56. b6 Kf5 57. Kc5 Ke4 58. Nf2+ Kf3 59. Nh3 Kg3 60. Ng5 f3 61. Nxf3 Kxf3 62. Kd6 Ke4 63. Kc5 Ke5 0-1

[Event "IECG WC.2008.P.00021 email"]
[Site "IECG email"]
[Date "2004.03.05"]
[Round "?"]
[White "Goze, Tolga"]
[Black "Buscher, Karl"]
[Result "1-0"]
[WhiteElo "1998"]
[BlackElo "1416"]
[PlyCount "63"]
[EventDate "2004.03.05"]
[EventType "tourn (corr)"]
[EventRounds "6"]
[SourceTitle "Corr 2008"]
[Source "ChessBase"]
[SourceDate "2008.06.24"]
[SourceVersion "1"]
[SourceVersionDate "2008.06.24"]
[SourceQuality "1"]

1. e4 e5 2. Nf3 Nc6 3. Bb5 a6 4. Ba4 Nf6 5. 0-0 Nxe4 6. d4 b5 7. Bb3 d5 8. dxe5 Be6 9. Nbd2 Nc5 10. c3 Nxb3 11. Nxb3 Be7 12. Nfd4 Qd7 13. f4 Nxd4 14. Nxd4 Bc5 15. Be3 Bb6 16. Qh5 g6 17. Qh6 0-0-0 18. b4 Kb7 19. Bf2 Bf5 20. Bh4 Rde8 21. Bf6 Rhg8 22. Bg5 Be4 23. a4 bxa4 24. Rf2 Qg4 25. Bh4 a5 26. bxa5 Bxa5 27. h3 Qd7 28. Rb2+ Bb6 29. Bf2 g5 30. f5 Rxe5 31. Nf3 Bxf3 32. Rxb6+ 1-0

[Event "IECG CE.2003.0.00061 email"]
[Site "IECG email"]
[Date "2003.11.02"]
[Round "?"]
[White "Klawitter, Bernd"]
[Black "Buscher, Karl"]
[Result "0-1"]
[WhiteElo "1348"]
[BlackElo "1391"]
[PlyCount "56"]
[EventDate "2003.11.02"]
[EventType "tourn (corr)"]
[EventRounds "6"]
[SourceTitle "Corr 2008"]
[Source "ChessBase"]
[SourceDate "2008.06.24"]
[SourceVersion "1"]
[SourceVersionDate "2008.06.24"]
[SourceQuality "1"]

1. e4 e6 2. d4 d5 3. e5 c5 4. c3 Nc6 5. Nf3 Qb6 6. a3 c4 7. g3 Bd7 8. Bh3 Nge7 9. 0-0 a5 10. a4 Qa6 11. Ng5 h6 12. Nf3 0-0-0 13. Na3 g5 14. Ne1 Bg7 15. Nb5 Kb8 16. Nd6 Rhf8 17. Rb1 f6 18. b3 fxe5 19. bxc4 Bc8 20. Nxc8 Nxc8 21. cxd5 exd5 22. Bxc8 Rxc8 23. Ba3 exd4 24. Bxf8 Rxf8 25. Rb5 dxc3 26. Nc2 d4 27. Rd5 Qc4 28. Re1 Qxd5 0-1